| 000 | 00491nam a22001937a 4500 | ||
|---|---|---|---|
| 003 | NUST - PNEC | ||
| 005 | 20170116180817.0 | ||
| 008 | 150609b xxu||||| |||| 00| 0 eng d | ||
| 020 | _a- | ||
| 040 | _cLIBRARY | ||
| 082 | _a510 LEV | ||
| 100 |
_93791 _aLevens, A. S. |
||
| 245 |
_aNomography _cA. S. Levens |
||
| 250 | _a2nd ed. | ||
| 260 |
_aNew York: _bJohn Wiley & Sons, Inc., _cc1959. |
||
| 300 |
_a296 p. : _c24 cm. |
||
| 651 |
_93792 _aMathematics functions _xME |
||
| 942 |
_2ddc _cBK |
||
| 999 |
_c63586 _d63586 |
||